[Event "Rottach Egern Seniors Cup 12th"]
[Site "Rottach Egern"]
[Date "2024.04.06"]
[Round "1"]
[White "Mitschka, Manfred"]
[Black "Mertens, Klaus"]
[Result "0-1"]
[WhiteElo "1857"]
[BlackElo "2093"]
[PlyCount "104"]
[EventDate "2024.04.06"]
[EventType "swiss"]
[EventRounds "9"]
[EventCountry "GER"]
[SourceTitle "CB16_2024"]
[SourceDate "2024.04.17"]
[SourceVersion "1"]
[SourceVersionDate "2024.04.17"]
[SourceQuality "1"]

1. d4 Nf6 2. c4 e6 3. Nf3 b6 4. g3 Bb7 5. Bg2 Bb4+ 6. Bd2 a5 7. a3 Bxd2+ 8. Qxd2 0-0 9. 0-0 d6 10. Nc3 Nbd7 11. Rfd1 Rc8 12. Rac1 Qe7 13. Re1 d5 14. Ne5 c6 15. Nxd7 Qxd7 16. cxd5 cxd5 17. e3 Rc7 18. Ne2 Ba6 19. Rxc7 Qxc7 20. Rc1 Qd7 21. Nc3 Rc8 22. Na2 Bc4 23. Qc2 Ba6 24. Qd1 Ne8 25. Rxc8 Qxc8 26. Qc1 Qd7 27. Nc3 Nd6 28. Bf1 Bxf1 29. Kxf1 Qc6 30. Ke1 g6 31. f3 h5 32. a4 Qc4 33. Qc2 Nf5 34. Qe2 Qb4 35. Kf2 Nd6 36. Qc2 Qc4 37. b3 Qc7 38. Qd2 h4 39. Kg2 hxg3 40. hxg3 Nf5 41. f4 Qc6 42. g4 Nd6 43. Kf3 Kg7 44. Qd3 Qc8 45. Kg3 Qxc3 46. Qe2 Qxb3 47. Kh4 Nc4 48. e4 Qe3 49. Qxe3 Nxe3 50. exd5 Nxd5 51. g5 Nc3 52. Kg4 Nxa4 0-1

[Event "Rheinland Pfalz Seniors op"]
[Site "Altenkirchen"]
[Date "2023.09.11"]
[Round "7"]
[White "Mertens, Klaus"]
[Black "Stuemer, Paul"]
[Result "1/2-1/2"]
[WhiteElo "2065"]
[BlackElo "2031"]
[PlyCount "37"]
[EventDate "2023.09.05"]
[EventType "swiss"]
[EventRounds "9"]
[EventCountry "GER"]
[SourceTitle "EXT 2024"]
[Source "ChessBase"]
[SourceDate "2023.10.10"]
[SourceVersion "1"]
[SourceVersionDate "2023.10.10"]
[SourceQuality "1"]

1. Nf3 Nf6 2. g3 g6 3. Bg2 Bg7 4. 0-0 0-0 5. c4 d6 6. d4 c6 7. Nc3 Qa5 8. Qd2 e5 9. a3 exd4 10. Nxd4 Qc5 11. b3 d5 12. Na4 Qe7 13. Qe3 Qxe3 14. Bxe3 dxc4 15. bxc4 Ng4 16. Rab1 Na6 17. Rb3 Rd8 18. Nc2 Nxe3 19. Nxe3 1/2-1/2

[Event "Rheinland Pfalz Seniors op"]
[Site "Altenkirchen"]
[Date "2023.09.10"]
[Round "6"]
[White "Mertens, Klaus"]
[Black "Haubt, Georg"]
[Result "1-0"]
[WhiteElo "2065"]
[BlackElo "2082"]
[PlyCount "59"]
[EventDate "2023.09.05"]
[EventType "swiss"]
[EventRounds "9"]
[EventCountry "GER"]
[SourceTitle "EXT 2024"]
[Source "ChessBase"]
[SourceDate "2023.10.10"]
[SourceVersion "1"]
[SourceVersionDate "2023.10.10"]
[SourceQuality "1"]

1. Nf3 d5 2. d4 Nc6 3. g3 Bg4 4. Bg2 Qd7 5. Bf4 f6 6. Nc3 g5 7. Be3 0-0-0 8. h4 h6 9. Nh2 Be6 10. Nf1 Bg7 11. Nd2 Na5 12. Nb3 Nc4 13. Nc5 Nxe3 14. fxe3 Qd6 15. Nxe6 Qxe6 16. Qd3 f5 17. Rf1 Qb6 18. Qxf5+ e6 19. Qg6 Bf8 20. 0-0-0 Ne7 21. Qf7 g4 22. Rf6 Rd6 23. Rxe6 Nc6 24. Nxd5 Qa5 25. Re8+ Rd8 26. Qf5+ Kb8 27. Rxd8+ Nxd8 28. Qf6 Bg7 29. Qxg7 Re8 30. Qd7 1-0

[Event "Rheinland Pfalz Seniors op"]
[Site "Altenkirchen"]
[Date "2023.09.06"]
[Round "2"]
[White "Mertens, Klaus"]
[Black "Hesse, Rutger"]
[Result "1-0"]
[WhiteElo "2065"]
[BlackElo "1900"]
[PlyCount "55"]
[EventDate "2023.09.05"]
[EventType "swiss"]
[EventRounds "9"]
[EventCountry "GER"]
[SourceTitle "EXT 2024"]
[Source "ChessBase"]
[SourceDate "2023.10.10"]
[SourceVersion "1"]
[SourceVersionDate "2023.10.10"]
[SourceQuality "1"]

1. Nf3 Nf6 2. d4 d5 3. g3 g6 4. Bg2 Bg7 5. c4 c6 6. 0-0 0-0 7. b3 Ne4 8. Bb2 Nd7 9. cxd5 cxd5 10. Nc3 Ndf6 11. Rc1 Qa5 12. a4 Bd7 13. Ne5 Rfd8 14. Qd3 Nd6 15. Nxd5 Nxd5 16. Rc5 Nb4 17. Rxa5 Nxd3 18. Nxd3 b6 19. Bxa8 Rxa8 20. Re5 Bxe5 21. dxe5 Ne4 22. Rc1 Nd2 23. Rc7 Be6 24. b4 Kf8 25. Bc1 Nc4 26. Bh6+ Ke8 27. Bg5 Bd7 28. Rxc4 1-0

[Event "Rottach Egern Seniors Cup 11th"]
[Site "Rottach Egern"]
[Date "2023.04.18"]
[Round "4"]
[White "Stierle, Martin"]
[Black "Mertens, Klaus"]
[Result "1-0"]
[WhiteElo "1899"]
[BlackElo "2073"]
[PlyCount "73"]
[EventDate "2023.04.15"]
[EventType "swiss"]
[EventRounds "9"]
[EventCountry "GER"]
[SourceTitle "EXT 2024"]
[Source "ChessBase"]
[SourceDate "2023.10.10"]
[SourceVersion "1"]
[SourceVersionDate "2023.10.10"]
[SourceQuality "1"]

1. d4 Nf6 2. c4 e6 3. Nc3 Bb4 4. f3 d5 5. a3 Bxc3+ 6. bxc3 b6 7. cxd5 exd5 8. e3 0-0 9. Bd3 Re8 10. Ne2 c5 11. 0-0 Ba6 12. Ng3 Bxd3 13. Qxd3 Nc6 14. Nf5 Ne7 15. Ng3 Rc8 16. Bb2 Nc6 17. e4 Na5 18. Rae1 Qc7 19. e5 Nd7 20. Nf5 cxd4 21. Qxd4 Nc6 22. Qg4 g6 23. f4 Re6 24. Nd4 Nxd4 25. cxd4 Rc6 26. Rc1 Qd8 27. f5 Nf8 28. Rxc6 Rxc6 29. Bc1 Qc8 30. Bh6 Qe8 31. h4 b5 32. h5 Nd7 33. hxg6 hxg6 34. Rf3 Nf8 35. Rh3 Qd7 36. Bxf8 Kxf8 37. Rh8+ 1-0

[Event "Altenkirchen Seniors op 19th"]
[Site "Altenkirchen"]
[Date "2022.07.22"]
[Round "4"]
[White "Mertens, Klaus"]
[Black "Paashaus, Detlef"]
[Result "1/2-1/2"]
[WhiteElo "2076"]
[BlackElo "1964"]
[PlyCount "33"]
[EventDate "2022.07.19"]
[EventType "swiss"]
[EventRounds "9"]
[EventCountry "GER"]
[SourceTitle "CBM 209 Extra"]
[Source "ChessBase"]
[SourceDate "2022.09.30"]
[SourceVersion "1"]
[SourceVersionDate "2022.09.30"]
[SourceQuality "1"]

1. Nf3 f5 2. g3 Nf6 3. Bg2 e6 4. c4 Be7 5. 0-0 0-0 6. b3 a5 7. Bb2 Na6 8. d4 d5 9. Nbd2 c6 10. Ne5 Bd7 11. f3 c5 12. e3 b5 13. Qe2 dxc4 14. bxc4 Rb8 15. Nxd7 Qxd7 16. Rfd1 b4 17. dxc5 1/2-1/2

[Event "Altenkirchen Seniors op 19th"]
[Site "Altenkirchen"]
[Date "2022.07.21"]
[Round "3"]
[White "Zens, Rolf"]
[Black "Mertens, Klaus"]
[Result "0-1"]
[WhiteElo "1884"]
[BlackElo "2076"]
[PlyCount "54"]
[EventDate "2022.07.19"]
[EventType "swiss"]
[EventRounds "9"]
[EventCountry "GER"]
[SourceTitle "CBM 209 Extra"]
[Source "ChessBase"]
[SourceDate "2022.09.30"]
[SourceVersion "1"]
[SourceVersionDate "2022.09.30"]
[SourceQuality "1"]

1. c4 e5 2. g3 Nf6 3. Bg2 Nc6 4. Nc3 Bc5 5. e3 0-0 6. Nge2 Re8 7. 0-0 d6 8. d4 Bb6 9. h3 Bf5 10. d5 Nb8 11. a4 a5 12. Kh2 Na6 13. f4 exf4 14. Rxf4 Bg6 15. Nd4 Nb4 16. b3 Nd3 17. Rf1 Nxc1 18. Qxc1 Qe7 19. Re1 Bxd4 20. exd4 Qxe1 21. Qxe1 Rxe1 22. Rxe1 Bc2 23. Bf1 b6 24. Nb5 Re8 25. Rxe8+ Nxe8 26. Nc3 f5 27. Kg2 Nf6 0-1

[Event "RLP Seniors op 17th"]
[Site "Neustadt an der Weinstrasse"]
[Date "2019.07.28"]
[Round "9"]
[White "Niebling, Ferdinand"]
[Black "Mertens, Klaus"]
[Result "0-1"]
[WhiteElo "2006"]
[BlackElo "2119"]
[PlyCount "72"]
[EventDate "2019.07.20"]
[EventType "swiss"]
[EventRounds "9"]
[EventCountry "GER"]
[SourceTitle "CBM 192 Extra"]
[Source "Chessbase"]
[SourceDate "2019.11.06"]
[SourceVersion "1"]
[SourceVersionDate "2019.11.06"]
[SourceQuality "1"]

1. d4 Nf6 2. c4 e6 3. Nc3 Bb4 4. f3 d5 5. a3 Bxc3+ 6. bxc3 0-0 7. cxd5 exd5 8. e3 b6 9. Bd3 Ba6 10. Ne2 Re8 11. Bxa6 Nxa6 12. Qd3 Nb8 13. 0-0 Qc8 14. Ng3 Qa6 15. Qxa6 Nxa6 16. Bd2 Re6 17. Rfe1 Rae8 18. a4 Nb8 19. Rec1 Rc6 20. e4 dxe4 21. fxe4 Rc4 22. Re1 Nc6 23. Ra3 Na5 24. h3 h6 25. Kf2 Rc6 26. Bf4 g5 27. Bc1 Kh7 28. e5 Nd5 29. Ne4 f5 30. Nd2 Rxc3 31. Rxc3 Nxc3 32. Ba3 Nd5 33. e6 Nf4 34. Kf3 Rxe6 35. Rc1 Nd5 36. Nc4 Re4 0-1

[Event "RLP Seniors op 17th"]
[Site "Neustadt an der Weinstrasse"]
[Date "2019.07.26"]
[Round "7"]
[White "Jacob, Helmut"]
[Black "Mertens, Klaus"]
[Result "1/2-1/2"]
[WhiteElo "2131"]
[BlackElo "2119"]
[PlyCount "42"]
[EventDate "2019.07.20"]
[EventType "swiss"]
[EventRounds "9"]
[EventCountry "GER"]
[SourceTitle "CBM 192 Extra"]
[Source "Chessbase"]
[SourceDate "2019.11.06"]
[SourceVersion "1"]
[SourceVersionDate "2019.11.06"]
[SourceQuality "1"]

1. e4 d5 2. exd5 Qxd5 3. Nc3 Qd6 4. d4 Nf6 5. Nf3 Bg4 6. Be2 e6 7. 0-0 a6 8. Ne5 Bxe2 9. Nxe2 Be7 10. Bf4 Qd8 11. c4 c5 12. Qa4+ Kf8 13. dxc5 Bxc5 14. b4 Be7 15. Rfd1 Qe8 16. Qb3 Nc6 17. Nd3 h5 18. a4 Rd8 19. Nc5 e5 20. Be3 Rxd1+ 21. Rxd1 Ng4 1/2-1/2

[Event "Rheinland Pfalz op Seniors 16th"]
[Site "Neustadt an der Weinstrasse"]
[Date "2018.07.13"]
[Round "7"]
[White "Loos, Udo"]
[Black "Mertens, Klaus"]
[Result "1/2-1/2"]
[WhiteElo "2030"]
[BlackElo "2119"]
[PlyCount "24"]
[EventDate "2018.07.07"]
[EventType "swiss"]
[EventRounds "9"]
[EventCountry "GER"]
[SourceTitle "EXT 2019"]
[Source "ChessBase"]
[SourceDate "2018.10.10"]
[SourceVersion "1"]
[SourceVersionDate "2018.10.10"]
[SourceQuality "1"]

1. c4 c5 2. Nc3 Nc6 3. g3 g6 4. Bg2 Bg7 5. Nf3 e6 6. d3 Nge7 7. Bg5 Qa5 8. Bd2 Qd8 9. Qc1 Nf5 10. Ne4 d6 11. h4 h5 12. Bc3 e5 1/2-1/2

[Event "Rheinland Pfalz op Seniors 16th"]
[Site "Neustadt an der Weinstrasse"]
[Date "2018.07.10"]
[Round "4"]
[White "Mertens, Klaus"]
[Black "Kalepky, Helmut"]
[Result "1/2-1/2"]
[WhiteElo "2119"]
[BlackElo "1980"]
[PlyCount "61"]
[EventDate "2018.07.07"]
[EventType "swiss"]
[EventRounds "9"]
[EventCountry "GER"]
[SourceTitle "EXT 2019"]
[Source "ChessBase"]
[SourceDate "2018.10.10"]
[SourceVersion "1"]
[SourceVersionDate "2018.10.10"]
[SourceQuality "1"]

1. Nf3 Nf6 2. g3 g6 3. Bg2 Bg7 4. c4 0-0 5. 0-0 d6 6. d4 Na6 7. b3 c6 8. Bb2 Bf5 9. Nh4 Bxb1 10. Rxb1 d5 11. Nf3 e6 12. Ne5 Nd7 13. Nd3 Qb6 14. e3 Rfe8 15. Qd2 Qd8 16. a4 Nc7 17. a5 a6 18. Ba3 Bf8 19. Bxf8 Rxf8 20. Qb4 Rb8 21. Nc5 Nxc5 22. Qxc5 Re8 23. Rfc1 Qe7 24. cxd5 Qxc5 25. Rxc5 exd5 26. h4 Re7 27. Rc3 Nb5 28. Rc5 Nc7 29. Bf1 Rd8 30. Rcc1 Rd6 31. Rb2 1/2-1/2

[Event "Rhein Main op-A 19th"]
[Site "Bad Homburg"]
[Date "2016.05.26"]
[Round "2"]
[White "Zalewski, Ulrich"]
[Black "Mertens, Klaus"]
[Result "0-1"]
[WhiteElo "1829"]
[BlackElo "2072"]
[PlyCount "126"]
[EventDate "2016.05.25"]
[EventType "swiss"]
[EventRounds "7"]
[EventCountry "GER"]
[SourceTitle "EXT 2017"]
[Source "ChessBase"]
[SourceDate "2016.10.25"]
[SourceVersion "1"]
[SourceVersionDate "2016.10.25"]
[SourceQuality "1"]

1. e4 c5 2. Nf3 e6 3. d4 cxd4 4. Nxd4 a6 5. c4 Qc7 6. Be2 Nf6 7. Nc3 Bb4 8. Qd3 Nc6 9. f4 Nxd4 10. Qxd4 Bc5 11. Qd3 d6 12. Be3 Bd7 13. Rd1 Ke7 14. Bxc5 Qxc5 15. Qd4 Qxd4 16. Rxd4 Bc6 17. Bf3 Rac8 18. 0-0 e5 19. fxe5 dxe5 20. Rd2 Rhd8 21. Rfd1 Rxd2 22. Rxd2 b6 23. Kf2 Bd7 24. b3 b5 25. Nd5+ Nxd5 26. cxd5 Kd6 27. Ke3 f5 28. Rd3 g6 29. h3 Rc2 30. Rd2 Rxd2 31. Kxd2 fxe4 32. Bxe4 Bc8 33. a4 bxa4 34. bxa4 Bb7 35. h4 a5 36. g4 Bxd5 37. Bc2 e4 38. Ke3 Ke5 39. Bd1 h6 40. Bc2 g5 41. hxg5 hxg5 42. Bb1 Bb3 43. Bxe4 Bxa4 44. Bf5 Bb5 45. Kd2 Kd4 46. Kc2 Kc4 47. Kb2 Kb4 48. Ka1 Bc4 49. Bd7 Kc5 50. Kb2 Kd6 51. Bc8 Be6 52. Bb7 Bxg4 53. Ka3 Bd7 54. Bf3 Ke5 55. Kb3 Kf4 56. Bh5 Bg4 57. Be8 Bd1+ 58. Kc3 g4 59. Kd2 g3 60. Ke1 a4 61. Bc6 a3 62. Bd5 Bf3 63. Be6 Ke3 0-1

[Event "Hessen-ch op-A"]
[Site "Frankfurt Sossenheim"]
[Date "2015.??.??"]
[Round "6"]
[White "Mertens, Klaus"]
[Black "Hillgaertner, Walter"]
[Result "1/2-1/2"]
[WhiteElo "2058"]
[BlackElo "1922"]
[PlyCount "100"]
[EventDate "2015.05.13"]
[EventType "swiss"]
[EventRounds "7"]
[EventCountry "GER"]
[SourceTitle "EXT 2016"]
[Source "ChessBase"]
[SourceDate "2015.10.08"]
[SourceVersion "1"]
[SourceVersionDate "2015.10.08"]
[SourceQuality "1"]

1. Nf3 Nf6 2. g3 d5 3. Bg2 c6 4. 0-0 Bf5 5. c4 e6 6. b3 h6 7. Bb2 Be7 8. d3 0-0 9. Nbd2 Bh7 10. a3 Nbd7 11. Qc2 Ne8 12. b4 Bf6 13. Rfc1 Bxb2 14. Qxb2 Qf6 15. d4 Qe7 16. b5 Nd6 17. cxd5 cxd5 18. Qb4 Rfc8 19. Nb3 Qf8 20. Na5 Rab8 21. Nd2 Nb6 22. Bf1 Qd8 23. e3 Ne4 24. Nxe4 Bxe4 25. Nb3 Nd7 26. Qd6 Nb6 27. Qxd8+ Rxd8 28. Nc5 Bf5 29. Rc3 Nd7 30. Rac1 Nxc5 31. dxc5 e5 32. c6 bxc6 33. bxc6 Rdc8 34. c7 Rb6 35. Rc6 Rxc6 36. Rxc6 Re8 37. Ba6 Bc8 38. Kf1 Kf8 39. Bb5 Re6 40. Rc5 Rd6 41. Ke1 Ke7 42. e4 dxe4 43. Rxe5+ Re6 44. Rd5 Rd6 45. Rc5 Rb6 46. Rd5 Rd6 47. Re5+ Re6 48. Rd5 Rd6 49. Re5+ Re6 50. Rd5 Rd6 1/2-1/2